Essentials of Pharmacology : (Record no. 35647)
[ view plain ]
| 000 -LEADER | |
|---|---|
| fixed length control field | 00522nam a22001937a 4500 |
| 005 - DATE AND TIME OF LATEST TRANSACTION | |
| control field | 20240502085741.0 |
| 008 - FIXED-LENGTH DATA ELEMENTS--GENERAL INFORMATION | |
| fixed length control field | 240502b |||||||| |||| 00| 0 eng d |
| 020 ## - INTERNATIONAL STANDARD BOOK NUMBER | |
| ISBN | 9788123923413 |
| 082 ## - DEWEY DECIMAL CLASSIFICATION NUMBER | |
| Classification number | 612 |
| Item number | SHA-E |
| 100 ## - MAIN ENTRY--AUTHOR | |
| Author Name | Sharma V N |
| 245 ## - TITLE STATEMENT | |
| Title | Essentials of Pharmacology : |
| Remainder of title | Basic principles and general concepts |
| 250 ## - EDITION STATEMENT | |
| Edition statement | 4th ed. |
| 260 ## - PUBLICATION, DISTRIBUTION, ETC. | |
| Place of Publication | india : |
| Name of publisher, distributor, etc. | CBS : |
| Date of publication, distribution, etc. | 2013. |
| 300 ## - PHYSICAL DESCRIPTION | |
| Pages | xvi,838p. |
| 500 ## - GENERAL NOTE | |
| General note | include index . |
| 650 ## - SUBJECT ADDED ENTRY--TOPICAL TERM | |
| Subject / Department | Medical / Pharmacology |
| 700 ## - ADDED ENTRY--PERSONAL NAME | |
| Personal name | Sharma V N |
| 300 ## - PHYSICAL DESCRIPTION | |
| -- | ill ; |
| -- | 24. |
| 952 ## - LOCATION AND ITEM INFORMATION (KOHA) | |
| -- | 0 |
| -- | 0 |
| 952 ## - LOCATION AND ITEM INFORMATION (KOHA) | |
| -- | 0 |
| -- | 0 |
| 952 ## - LOCATION AND ITEM INFORMATION (KOHA) | |
| -- | 0 |
| -- | 0 |
| 952 ## - LOCATION AND ITEM INFORMATION (KOHA) | |
| -- | 0 |
| -- | 0 |
| Lost status | Damaged status | Collection code | Permanent Location | Current Location | Shelving Location | Date acquired | Full Call Number | Accession No./Barcode | Date last seen | Copy number | item type | Koha item type |
|---|---|---|---|---|---|---|---|---|---|---|---|---|
| Medical | Superior Information Resource Center (SIRC) Superior University- Main Campus | Superior Information Resource Center (SIRC) Superior University- Main Campus | Pharmacology | 05/02/2024 | 612 SHA-E 2013 | 9925 | 01/22/2026 | 1 | BOOK | BOOK | ||
| Medical | Superior Information Resource Center (SIRC) Superior University- Main Campus | Superior Information Resource Center (SIRC) Superior University- Main Campus | Pharmacology | 05/02/2024 | 612 SHA-E 2013 | 9927 | 05/02/2024 | 2 | BOOK | BOOK | ||
| Medical | Superior Information Resource Center (SIRC) Superior University- Main Campus | Superior Information Resource Center (SIRC) Superior University- Main Campus | Pharmacology | 05/02/2024 | 612 SHA-E 2013 | 9926 | 01/22/2026 | 3 | BOOK | BOOK | ||
| Medical | Superior Information Resource Center (SIRC) Superior University- Main Campus | Superior Information Resource Center (SIRC) Superior University- Main Campus | Pharmacology | 05/10/2024 | 612 SHA-E 2009 | 9932 | 05/10/2024 | 4 | BOOK | BOOK |
